000 00463nmm a2200169Ia 4500
008 251105s9999||||xx |||||||||||||||||und||
020 _a9788483594223
041 _aspa
100 _aCasanova, Giacomo
245 0 _aMemorias de España
264 _a[Madrid, España] :
_bCalambur,
_c2017
300 _a236 páginas
490 _aCalambur Narrativa
650 _aHistorical fiction
856 _uhttps://public.digitaliapublishing.com/a/47302
942 _cCF
999 _c86248
_d86248